000 00681nam a2200229Ia 4500
003 OSt
005 20220918204250.0
006 a|||||r|||| 00| 0
007 ta
008 220917b |||||||| |||| 00| 0 eng d
024 _a111,790
037 _cTextual
040 _aARTS
_cARTS
_beng
041 _2eng
_aeng
082 _aV51:8-19:N5, H8
100 _aCiano
_9111309
245 0 _aDiplomatic papers, being a record of nearly 200 conversations.........with Hitler, Mussolini, Franco......., ed by Malcolm Muggeridge and tr by Stuard Hood
260 _c1948
650 _aHISTORY
942 _hV51:8-19:N5, H8
_cTEXL
_2CC
999 _c235139
_d235139